| 000 | 01171nam a22002537a 4500 | ||
|---|---|---|---|
| 003 | PE SENCICO BE | ||
| 005 | 20251020182620.0 | ||
| 008 | 221125b |||||||| |||| 00| 0 eng d | ||
| 020 | _a970-10-1958-X | ||
| 040 |
_aPE SENCICO BE _cPE SENCICO BE |
||
| 080 |
_a331.822.824 _bK73 |
||
| 100 | 1 |
_aKolluru, Rao V. _990 |
|
| 245 | 1 |
_aManual de evaluación y administración de riesgos : _bpara profesionales en cuestiones ambientales de la salud y la seguridad / _cRao V. Kolluru, Steven M. Bartell, Robin M. Pitblado, R. Scott Strcoff |
|
| 250 | _a1a ed. | ||
| 260 |
_aMéxico D. F.: _bMcGraw Hill, _c1998. |
||
| 300 |
_axiv, paginación variada: _bdiagrs.; _c23 cm. |
||
| 505 | _aParte 1: Panorama general y enlaces. -- Parte 2: Salud. -- Parte 3: Seguridad. -- Parte 4: Ecología. -- Parte 5: Evaluación de riesgos internacionales -- Parte 6: Comunicación de riesgos -- Parte 7: Perspectivas adicionales. | ||
| 650 | 1 | 0 |
_aAdministración de riesgos _991 |
| 650 | 2 | 0 |
_aEvaluación de riesgos _992 |
| 700 | 1 |
_993 _aBartell, Steven M. |
|
| 700 | 1 |
_994 _aPiblado, Robin M. |
|
| 910 |
_ahfp _bhfp _chfp |
||
| 942 |
_2ddc _cLIB _h331.822.824 _iK73 |
||
| 999 |
_c3643 _d3643 |
||